| 000 | 00446nam a2200157 4500 | ||
|---|---|---|---|
| 020 | _a9788119443260 | ||
| 082 |
_aM 894.812 _bSUV/M |
||
| 100 | _aSuvitha Jinto Puthenveetil | ||
| 245 |
_aMadhuram malayalam: _bmalayalam pareekshasahayi/ _cby Suvitha Jinto Puthenveetil |
||
| 260 |
_aKozhikkode: _bAtma books, _c2024. |
||
| 300 | _a611p. | ||
| 650 | _aLanguage malayalam | ||
| 650 | _aLiterature malayalam | ||
| 650 | _aLiterature | ||
| 942 | _cBK | ||
| 999 |
_c181741 _d181741 |
||